[Event "4NCL Division 1 & 2"]
[Site "Milton Keynes, ENG"]
[Date "2021.11.28"]
[Round "2.43"]
[White "Cox, John J"]
[Black "Palliser, Richard J D"]
[Result "1/2-1/2"]
[WhiteElo "2315"]
[BlackElo "2412"]
[PlyCount "176"]
[EventDate "2021.11.28"]
[WhiteTeam "Barbican 4NCL"]
[BlackTeam "Chessable White Rose 1"]

1. c4 g6 2. Nc3 Bg7 3. g3 c5 4. Bg2 Nc6 5. d3 d6 6. Nf3 e5 7. Nd2 Nge7 8. Nf1
O-O 9. Ne3 Rb8 10. Ned5 Nxd5 11. Nxd5 Bd7 12. a4 f5 13. O-O h6 14. e3 Kh7 15.
Bd2 a5 16. Rb1 Nb4 17. Bxb4 axb4 18. f4 exf4 19. gxf4 Qe8 20. b3 Bc6 21. Qf3
Bxd5 22. cxd5 b5 23. axb5 Qxb5 24. e4 fxe4 25. dxe4 c4 26. bxc4 Qxc4 27. f5
gxf5 28. exf5 Be5 29. Qe4 Qxe4 30. Bxe4 Rg8+ 31. Kh1 Rg4 32. Bc2 Rc8 33. Rf2
Rgc4 34. Bb3 Rc1+ 35. Rxc1 Rxc1+ 36. Kg2 Kg7 37. h3 Kf6 38. Rf1 Rc7 39. Rf3 Kg5
40. Rf2 Rc3 41. Rf3 Rc7 42. Rf2 h5 43. Bd1 Rc1 44. Rf1 h4 45. Ba4 Rxf1 46. Kxf1
Kf4 47. f6 Bxf6 48. Ke2 Ke4 49. Kd2 Kxd5 50. Kd3 Be7 51. Bb3+ Ke5 52. Kc4 d5+
53. Kd3 Bg5 54. Ba2 Bh6 55. Bb3 Bg5 56. Ba2 Bd8 57. Bb3 Bb6 58. Ba2 Bd4 59. Bb3
Bc3 60. Ba2 d4 61. Bg8 Kf5 62. Bh7+ Kf4 63. Kc4 Ke3 64. Bg6 Be1 65. Bf5 Bd2 66.
Bg6 Bc3 67. Bf5 Kd2 68. Bg6 Kc1 69. Kb3 Be1 70. Bf5 Bd2 71. Bg6 Bc3 72. Bf5 Kd2
73. Kc4 Ke1 74. Bg6 Kf2 75. Bf5 Ke3 76. Bg6 Be1 77. Bf5 b3 78. Kxb3 d3 79. Bg4
Ba5 80. Kc4 d2 81. Kd5 Kf2 82. Ke4 Ke1 83. Bh5 Bc7 84. Bg4 d1=Q 85. Bxd1 Kxd1
86. Kf3 Ke1 87. Kg2 Ke2 88. Kh1 Kf1 1/2-1/2

[Event "4NCL Division 1 & 2"]
[Site "Milton Keynes, ENG"]
[Date "2021.11.28"]
[Round "2.44"]
[White "Ashton, Adam G"]
[Black "Griffiths, Ryan Rhys"]
[Result "1/2-1/2"]
[WhiteElo "2379"]
[BlackElo "2347"]
[PlyCount "57"]
[EventDate "2021.11.28"]
[WhiteTeam "Chessable White Rose 1"]
[BlackTeam "Barbican 4NCL"]

1. e4 c5 2. Nf3 a6 3. c3 d5 4. exd5 Qxd5 5. d4 Nf6 6. Be3 cxd4 7. cxd4 e6 8.
Nc3 Qd8 9. Bd3 Nc6 10. a3 Bd6 11. O-O O-O 12. Qe2 Ne7 13. Bg5 Ng6 14. Ne5 Be7
15. Rfd1 Nd5 16. Bxe7 Ndxe7 17. Be4 Rb8 18. Rac1 Bd7 19. Nxg6 hxg6 20. d5 exd5
21. Nxd5 Nxd5 22. Bxd5 Qb6 23. b4 a5 24. bxa5 Qxa5 25. Qf3 b5 26. h3 Rb6 27.
Qb3 Be6 28. Qb4 Qa7 29. Bxe6 1/2-1/2

[Event "4NCL Division 1 & 2"]
[Site "Milton Keynes, ENG"]
[Date "2021.11.28"]
[Round "2.45"]
[White "Taylor, Martin R"]
[Black "Chow, Samuel"]
[Result "1-0"]
[WhiteElo "2327"]
[BlackElo "2406"]
[PlyCount "149"]
[EventDate "2021.11.28"]
[WhiteTeam "Barbican 4NCL"]
[BlackTeam "Chessable White Rose 1"]

1. e4 e6 2. b3 d5 3. Bb2 Nc6 4. e5 f6 5. Nf3 Bd7 6. d4 Qe7 7. Nbd2 O-O-O 8. a3
Be8 9. Bd3 Bg6 10. Qe2 Bxd3 11. Qxd3 Qf7 12. O-O h6 13. c4 fxe5 14. dxe5 g5 15.
cxd5 Rxd5 16. Qe4 Nge7 17. Nc4 Qg6 18. Rfe1 Bg7 19. b4 Rf8 20. h3 Rf4 21. Qxg6
Nxg6 22. Rac1 a6 23. Rc2 Kb8 24. Kf1 Rd3 25. Ncd2 Rf5 26. Ne4 Rdxf3 27. gxf3
Bxe5 28. Bxe5 Ncxe5 29. Nc5 Rxf3 30. Re3 Rf6 31. Rce2 b6 32. Nxa6+ Kb7 33. b5
Rf5 34. Rc3 c5 35. bxc6+ Kxa6 36. c7 Ne7 37. c8=Q+ Nxc8 38. Rxc8 Nd3 39. Rxe6
Rxf2+ 40. Kg1 Rf3 41. Rxh6 g4 42. hxg4 Rg3+ 43. Kf1 Rxg4 44. Rb8 Nc5 45. Rhxb6+
Ka7 46. Rb4 Rg7 47. R8b5 Nb7 48. Ke2 Rd7 49. Ke3 Ka6 50. a4 Re7+ 51. Kd3 Rd7+
52. Kc3 Rc7+ 53. Kd4 Rh7 54. Rd5 Rh4+ 55. Kc3 Rh3+ 56. Rd3 Rh7 57. Rg4 Rh6 58.
Rd5 Rb6 59. Rdg5 Rc6+ 60. Kb4 Rb6+ 61. Rb5 Rh6 62. Rg8 Rh4+ 63. Ka3 Ka7 64. Rg7
Ka8 65. a5 Rh3+ 66. Ka4 Rh1 67. Rg3 Rh4+ 68. Ka3 Rh1 69. Rd5 Ka7 70. Kb4 Ka6
71. Rg6+ Ka7 72. a6 Rb1+ 73. Kc3 Rc1+ 74. Kd2 Rc5 75. Rd7 1-0

[Event "4NCL Division 1 & 2"]
[Site "Milton Keynes, ENG"]
[Date "2021.11.28"]
[Round "2.46"]
[White "Han, Yichen"]
[Black "French, Max"]
[Result "1/2-1/2"]
[WhiteElo "2306"]
[BlackElo "2274"]
[PlyCount "113"]
[EventDate "2021.11.28"]
[WhiteTeam "Chessable White Rose 1"]
[BlackTeam "Barbican 4NCL"]

1. e4 c6 2. Nf3 d5 3. d3 g6 4. e5 c5 5. c3 Nc6 6. h3 Bg7 7. d4 e6 8. Na3 a6 9.
Nc2 Nge7 10. g4 Bd7 11. Bg2 Qc7 12. O-O O-O-O 13. b4 c4 14. b5 axb5 15. a4 bxa4
16. Rxa4 Na5 17. Ra2 Nec6 18. Ng5 Be8 19. Ba3 h6 20. Bd6 Rxd6 21. exd6 Qxd6 22.
Nf3 f6 23. Qb1 b6 24. Qxb6 Qb8 25. Qa6+ Nb7 26. Rb1 Bf8 27. Rab2 Rh7 28. Nd2
Ncd8 29. Na3 Qd6 30. Qa8+ Qb8 31. Qxb8+ Kxb8 32. Nc2 Rc7 33. Nb4 Bxb4 34. Rxb4
Kc8 35. Ra1 Bc6 36. Rb6 Kd7 37. f4 Nd6 38. Bf3 g5 39. fxg5 hxg5 40. Kf2 Nb5 41.
Nxc4 Nxd4 42. Na5 Nxf3 43. Nxc6 Nxc6 44. Kxf3 Ne5+ 45. Ke2 Ng6 46. Kd2 Nf4 47.
h4 gxh4 48. Rf1 Rc4 49. Rb7+ Kd6 50. Rf7 d4 51. cxd4 Rxd4+ 52. Ke3 Ke5 53. Kf3
Rd3+ 54. Kf2 Rd2+ 55. Kf3 Rd3+ 56. Kf2 Rd2+ 57. Kf3 1/2-1/2

[Event "4NCL Division 1 & 2"]
[Site "Milton Keynes, ENG"]
[Date "2021.11.28"]
[Round "2.47"]
[White "Sowray, Peter J"]
[Black "Wall, Tim P"]
[Result "1-0"]
[WhiteElo "2222"]
[BlackElo "2259"]
[PlyCount "61"]
[EventDate "2021.11.28"]
[WhiteTeam "Barbican 4NCL"]
[BlackTeam "Chessable White Rose 1"]

1. d4 d6 2. c4 e5 3. d5 Nf6 4. Nc3 Be7 5. e4 a5 6. f3 Na6 7. Be3 Nh5 8. Nge2 h6
9. g3 Nc5 10. Bg2 Bg5 11. Bf2 O-O 12. O-O Bd7 13. b3 b6 14. a3 g6 15. Qc2 a4
16. b4 Nb3 17. Rad1 f5 18. Nb5 fxe4 19. fxe4 Bg4 20. h3 Bf3 21. Qd3 Bxg2 22.
Kxg2 Qd7 23. Be3 Bxe3 24. Qxe3 Kg7 25. Nec3 c6 26. dxc6 Qxc6 27. Rxd6 Qxc4 28.
Rd7+ Kg8 29. Rfd1 g5 30. Rc7 Qe6 31. Rd6 1-0

[Event "4NCL Division 1 & 2"]
[Site "Milton Keynes, ENG"]
[Date "2021.11.28"]
[Round "2.48"]
[White "Townsend, M Paul"]
[Black "Bridgeman, Niamh"]
[Result "1-0"]
[WhiteElo "2253"]
[BlackElo "1955"]
[PlyCount "107"]
[EventDate "2021.11.28"]
[WhiteTeam "Chessable White Rose 1"]
[BlackTeam "Barbican 4NCL"]

1. d4 e6 2. Nf3 f5 3. g3 Nf6 4. Bg2 c6 5. O-O d5 6. b3 Bd6 7. Ba3 O-O 8. c4 b6
9. Qc2 Bxa3 10. Nxa3 Qe7 11. Qb2 Na6 12. Nc2 Bb7 13. a4 c5 14. a5 Ne4 15. dxc5
bxc5 16. e3 Rab8 17. Qe5 Bc6 18. Rfd1 Nc7 19. Nd2 Rf7 20. Rab1 Ba8 21. Nxe4
fxe4 22. cxd5 exd5 23. Qxe7 Rxe7 24. b4 c4 25. Nd4 Nb5 26. Nxb5 Rxb5 27. Rb2
Bc6 28. Rdb1 Reb7 29. Bf1 Rb8 30. Be2 R5b7 31. Bd1 Kf7 32. Kf1 c3 33. Rc2 Rxb4
34. Rxb4 Rxb4 35. Rxc3 Bb5+ 36. Ke1 Rb1 37. Kd2 Rb2+ 38. Rc2 Rxc2+ 39. Bxc2 Ke6
40. Kc3 Ke5 41. Kb4 a6 42. Kc5 Bc4 43. Ba4 g5 44. Bd7 h5 45. h4 gxh4 46. gxh4
Be2 47. Bc6 Kf5 48. Bd7+ Ke5 49. Be8 Bf3 50. Bb5 axb5 51. a6 d4 52. a7 d3 53.
a8=Q d2 54. Qd5+ 1-0

[Event "4NCL Division 1 & 2"]
[Site "Milton Keynes, ENG"]
[Date "2021.11.28"]
[Round "2.51"]
[White "Pert, Nicholas"]
[Black "Graham, David B"]
[Result "1-0"]
[WhiteElo "2544"]
[BlackElo "2136"]
[PlyCount "81"]
[EventDate "2021.11.28"]
[WhiteTeam "Cheddleton"]
[BlackTeam "Sussex Martlets 1"]

1. d4 d5 2. c4 c6 3. Nf3 Nf6 4. Nc3 dxc4 5. e4 b5 6. Be2 e6 7. a4 b4 8. e5 bxc3
9. exf6 cxb2 10. fxg7 Bxg7 11. Bxb2 O-O 12. O-O c5 13. Bxc4 Nc6 14. Ba3 cxd4
15. Bxf8 Kxf8 16. Qc2 Na5 17. Bd3 Bb7 18. Qc5+ Kg8 19. Qh5 h6 20. Ne5 Bxe5 21.
Qxe5 Qg5 22. Qxg5+ hxg5 23. Rac1 Bd5 24. Rc7 Nc6 25. f4 Rb8 26. Bb5 Nb4 27.
fxg5 e5 28. Bc4 Bxc4 29. Rxc4 Nd5 30. Rc5 Ne3 31. Re1 Rb2 32. Rxe5 Rxg2+ 33.
Kh1 Ra2 34. Re4 Nc2 35. R1e2 Ra1+ 36. Kg2 Ne3+ 37. Kf3 Rf1+ 38. Rf2 Rg1 39.
Rxd4 Nf5 40. Rf4 Rxg5 41. Ke4 1-0

[Event "4NCL Division 1 & 2"]
[Site "Milton Keynes, ENG"]
[Date "2021.11.28"]
[Round "2.52"]
[White "Grant, David J"]
[Black "Eggleston, David J"]
[Result "0-1"]
[WhiteElo "2100"]
[BlackElo "2346"]
[PlyCount "60"]
[EventDate "2021.11.28"]
[WhiteTeam "Sussex Martlets 1"]
[BlackTeam "Cheddleton"]

1. e4 e6 2. d4 d5 3. Nc3 Nf6 4. e5 Nfd7 5. f4 c5 6. Nf3 Nc6 7. Be3 Be7 8. Qd2
O-O 9. O-O-O c4 10. f5 b5 11. f6 gxf6 12. exf6 Bxf6 13. Nxb5 Rb8 14. Na3 Nb6
15. Bg5 Bxg5 16. Qxg5+ Qxg5+ 17. Nxg5 Na4 18. b3 Nc3 19. Rd2 Nxa2+ 20. Kb1 cxb3
21. cxb3 Nab4 22. Bb5 f6 23. Nf3 e5 24. Rc1 Rb6 25. dxe5 fxe5 26. Rc5 e4 27.
Nd4 e3 28. Rd1 Bg4 29. Be2 Nxd4 30. Bxg4 e2 0-1

[Event "4NCL Division 1 & 2"]
[Site "Milton Keynes, ENG"]
[Date "2021.11.28"]
[Round "2.53"]
[White "Arkell, Keith C"]
[Black "Brewer, Callum D"]
[Result "1/2-1/2"]
[WhiteElo "2367"]
[BlackElo "2148"]
[PlyCount "69"]
[EventDate "2021.11.28"]
[WhiteTeam "Cheddleton"]
[BlackTeam "Sussex Martlets 1"]

1. d4 Nf6 2. Nf3 d5 3. c4 e6 4. cxd5 exd5 5. Nc3 Bb4 6. Qa4+ Nc6 7. Bg5 h6 8.
Bxf6 Qxf6 9. e3 O-O 10. Be2 Be6 11. a3 Bxc3+ 12. bxc3 a6 13. Qc2 Ne7 14. c4 Bf5
15. Qb3 dxc4 16. Qxc4 Rfc8 17. O-O b6 18. Qb3 c5 19. Rac1 cxd4 20. Nxd4 Be4 21.
Rxc8+ Nxc8 22. Rc1 Ne7 23. a4 Nd5 24. f3 Qg5 25. h4 Qg3 26. fxe4 Nxe3 27. Bf3
Ng4 28. Bxg4 Qxg4 29. Rf1 Rf8 30. Nf5 Qxe4 31. Qc3 Qg4 32. Rf4 Qd1+ 33. Kh2 f6
34. Qg3 Qd7 35. Nxg7 1/2-1/2

[Event "4NCL Division 1 & 2"]
[Site "Milton Keynes, ENG"]
[Date "2021.11.28"]
[Round "2.54"]
[White "Payne, Matthew J"]
[Black "Kirk, Ezra"]
[Result "0-1"]
[WhiteElo "2157"]
[BlackElo "2435"]
[PlyCount "88"]
[EventDate "2021.11.28"]
[WhiteTeam "Sussex Martlets 1"]
[BlackTeam "Cheddleton"]

1. e4 c6 2. d4 d5 3. e5 Bf5 4. h4 Qb6 5. g4 Bd7 6. c4 dxc4 7. Bxc4 h5 8. e6
Qb4+ 9. Nd2 Bxe6 10. a3 Qa5 11. Bxe6 fxe6 12. Qb3 Nd7 13. g5 Qd5 14. Ngf3 c5
15. Qxd5 exd5 16. dxc5 g6 17. b4 Bg7 18. Rb1 Kf7 19. Bb2 Bxb2 20. Rxb2 e5 21.
O-O Ne7 22. Rc1 e4 23. Nd4 Ne5 24. Rb3 Nf5 25. Nb5 a6 26. Nd6+ Nxd6 27. cxd6
Rac8 28. Rbc3 Rxc3 29. Rxc3 Ke6 30. Rc7 Kxd6 31. Rxb7 Rc8 32. Kf1 Nd3 33. Rf7
Rc1+ 34. Kg2 Rc2 35. Nf1 d4 36. Kg3 Rc1 37. Nd2 e3 38. fxe3 dxe3 39. Nf3 e2 40.
Rf6+ Kd5 41. Rxg6 Rf1 42. Re6 Kxe6 43. Nd4+ Ke5 44. Nxe2 Rf8 0-1

[Event "4NCL Division 1 & 2"]
[Site "Milton Keynes, ENG"]
[Date "2021.11.28"]
[Round "2.55"]
[White "Thorfinnsson, Bragi"]
[Black "Miller, Dominic"]
[Result "1-0"]
[WhiteElo "2417"]
[BlackElo "2131"]
[PlyCount "85"]
[EventDate "2021.11.28"]
[WhiteTeam "Cheddleton"]
[BlackTeam "Sussex Martlets 1"]

1. d4 Nf6 2. Bf4 d5 3. Nc3 c5 4. e3 cxd4 5. exd4 a6 6. Bd3 Nc6 7. Nge2 Nb4 8.
O-O g6 9. Be5 Bg7 10. Nf4 O-O 11. Re1 Re8 12. Bf1 Bf5 13. Rc1 Rc8 14. a3 Nc6
15. h3 Ne4 16. Bxg7 Nxc3 17. bxc3 Kxg7 18. g4 Bd7 19. Nxd5 Bxg4 20. hxg4 Qxd5
21. Bg2 Qd6 22. Qd2 Na5 23. Qg5 b5 24. Re3 Nc4 25. Rh3 Rh8 26. Qh6+ Kg8 27. Re1
Qxa3 28. Qg5 Rc7 29. Bd5 Qd6 30. Bxc4 bxc4 31. Rb1 Rc6 32. Rb7 h6 33. Qxe7 Qxe7
34. Rxe7 Kg7 35. Rf3 Rf8 36. Ra7 g5 37. Rf5 Re6 38. Kg2 Kg6 39. Ra5 Re4 40.
R7xa6+ f6 41. Kg3 h5 42. gxh5+ Kxh5 43. Ra8 1-0

[Event "4NCL Division 1 & 2"]
[Site "Milton Keynes, ENG"]
[Date "2021.11.28"]
[Round "2.56"]
[White "Willson, Ollie"]
[Black "Thorfinnsson, Bjorn"]
[Result "1/2-1/2"]
[WhiteElo "2103"]
[BlackElo "2390"]
[PlyCount "122"]
[EventDate "2021.11.28"]
[WhiteTeam "Sussex Martlets 1"]
[BlackTeam "Cheddleton"]

1. e4 e5 2. Nf3 Nc6 3. Bb5 a6 4. Ba4 f5 5. d3 fxe4 6. dxe4 Nf6 7. O-O Bc5 8.
Nc3 d6 9. Bg5 O-O 10. Nd5 Kh8 11. c3 Ne7 12. Nxf6 gxf6 13. Bh6 Rg8 14. Bb3 Rg4
15. Qd3 Qe8 16. Be3 f5 17. Nxe5 fxe4 18. Qc4 dxe5 19. Qxc5 Nc6 20. f3 b6 21.
Qd5 Rg6 22. Qxe4 Bh3 23. Rf2 Be6 24. Bc2 Rg7 25. Bg5 Rf7 26. Bf6+ Kg8 27. f4
Rxf6 28. Qxh7+ Kf8 29. Qh8+ Ke7 30. Qh7+ Qf7 31. Qh4 Qg7 32. Be4 Rh8 33. Qg3
Qxg3 34. hxg3 Rfh6 35. Rff1 exf4 36. gxf4 Rh1+ 37. Kf2 Rxf1+ 38. Rxf1 Nd8 39.
b3 Nf7 40. Re1 Kf6 41. Bf3 Nd6 42. g4 Bc8 43. Kg3 Bb7 44. g5+ Kf7 45. Bxb7 Nxb7
46. f5 Nd6 47. Kf4 Rh4+ 48. Ke5 Rh3 49. g6+ Kg7 50. f6+ Kxg6 51. Rg1+ Kh6 52.
c4 Rh2 53. Kd5 Rf2 54. Kc6 Rxf6 55. Kxc7 Ne4 56. b4 a5 57. bxa5 bxa5 58. Re1
Nc3 59. Re3 Rf7+ 60. Kb6 Nxa2 61. Kxa5 Rb7 1/2-1/2

[Event "4NCL Division 1 & 2"]
[Site "Milton Keynes, ENG"]
[Date "2021.11.28"]
[Round "2.57"]
[White "Boswell, Jacob Connor"]
[Black "Blake, J Morgan"]
[Result "1-0"]
[WhiteElo "2040"]
[BlackElo "2133"]
[PlyCount "91"]
[EventDate "2021.11.28"]
[WhiteTeam "Cheddleton"]
[BlackTeam "Sussex Martlets 1"]

1. d4 d5 2. c4 e6 3. Nc3 a6 4. cxd5 exd5 5. Nf3 c6 6. Bf4 Bd6 7. Bg3 Ne7 8. e3
O-O 9. Bd3 Bf5 10. O-O Bxg3 11. hxg3 Nd7 12. b4 b5 13. a4 Nb6 14. Ne5 Qd6 15.
Bxf5 Nxf5 16. Nd3 Nc4 17. Nc5 Nfxe3 18. fxe3 Nxe3 19. Qf3 Nxf1 20. Rxf1 a5 21.
bxa5 b4 22. Na2 Rab8 23. Nc1 f6 24. Re1 Rfe8 25. Re3 Re7 26. Rxe7 Qxe7 27. Qe2
Qd6 28. Qe3 Kf7 29. Qf4 Qe7 30. a6 Re8 31. N1d3 Qe2 32. a7 b3 33. Qf2 Qd1+ 34.
Qf1 Qc2 35. Qf5 Qd1+ 36. Kh2 g6 37. Qd7+ Re7 38. Qxe7+ Kxe7 39. a8=Q Qh5+ 40.
Kg1 Qd1+ 41. Kh2 Qh5+ 42. Kg1 Qd1+ 43. Kf2 Qd2+ 44. Kf1 Qd1+ 45. Ne1 Qxd4 46.
Qa7+ 1-0

[Event "4NCL Division 1 & 2"]
[Site "Milton Keynes, ENG"]
[Date "2021.11.28"]
[Round "2.58"]
[White "Graham, Cassie M"]
[Black "Foster, Chantelle L"]
[Result "1-0"]
[WhiteElo "1998"]
[BlackElo "1806"]
[PlyCount "61"]
[EventDate "2021.11.28"]
[WhiteTeam "Sussex Martlets 1"]
[BlackTeam "Cheddleton"]

1. e4 c5 2. Nc3 Nc6 3. f4 g6 4. Nf3 Bg7 5. Bb5 Nd4 6. O-O e6 7. d3 Ne7 8. Nxd4
cxd4 9. Ne2 O-O 10. Qe1 a6 11. Ba4 b5 12. Bb3 Nc6 13. Bd2 d6 14. a4 Bb7 15.
axb5 axb5 16. Rxa8 Bxa8 17. f5 exf5 18. exf5 Ne5 19. Qg3 Nc6 20. fxg6 hxg6 21.
Qxg6 d5 22. Qg3 f6 23. Nf4 Ne5 24. Ne6 Qe7 25. Nxf8 Kxf8 26. Bf4 Ke8 27. Bxe5
fxe5 28. Qg6+ Kd8 29. Rf7 Qb4 30. Qb6+ Ke8 31. Qe6+ 1-0

[Event "4NCL Division 1 & 2"]
[Site "Milton Keynes, ENG"]
[Date "2021.11.28"]
[Round "2.61"]
[White "Blackburn, Jonathan L B"]
[Black "Roberson, Peter T"]
[Result "0-1"]
[WhiteElo "2232"]
[BlackElo "2421"]
[PlyCount "100"]
[EventDate "2021.11.28"]
[WhiteTeam "West is Best 1"]
[BlackTeam "The Sharks 1"]

1. d4 Nf6 2. c4 e6 3. Nf3 d5 4. Nc3 dxc4 5. e3 a6 6. Bxc4 b5 7. Bb3 Bb7 8. O-O
Be7 9. Qe2 c5 10. Rd1 Nc6 11. dxc5 Qc7 12. e4 O-O 13. Bg5 Rfd8 14. e5 Nd7 15.
Bc2 Nxc5 16. Bxe7 Qxe7 17. a3 Rxd1+ 18. Rxd1 Rd8 19. b4 Rxd1+ 20. Qxd1 Nd7 21.
Ne4 Ncxe5 22. Nxe5 Nxe5 23. Nc5 g6 24. f4 Nc4 25. Qd4 Nxa3 26. Be4 Bd5 27. Nxa6
Bxe4 28. Qxe4 Qd6 29. Nc5 Qd1+ 30. Kf2 Qd2+ 31. Kg3 Nc4 32. Nxe6 Qc3+ 33. Kf2
fxe6 34. Qxe6+ Kf8 35. Qc8+ Kg7 36. Qd7+ Kh6 37. Qe7 Qd4+ 38. Kf3 Qd3+ 39. Kf2
Qd2+ 40. Kf3 Qd5+ 41. Kg3 Qd3+ 42. Kf2 Qd6 43. Qg5+ Kg7 44. h4 Qxb4 45. h5 Qd6
46. hxg6 hxg6 47. Qxb5 Qxf4+ 48. Kg1 Qe3+ 49. Kh1 Qe1+ 50. Kh2 Qe5+ 0-1

[Event "4NCL Division 1 & 2"]
[Site "Milton Keynes, ENG"]
[Date "2021.11.28"]
[Round "2.62"]
[White "Batchelor, Peter J"]
[Black "Jones, Steven A"]
[Result "0-1"]
[WhiteElo "2378"]
[BlackElo "2243"]
[PlyCount "73"]
[EventDate "2021.11.28"]
[WhiteTeam "The Sharks 1"]
[BlackTeam "West is Best 1"]

1. d4 Nf6 2. Nf3 g6 3. c4 Bg7 4. Nc3 d5 5. cxd5 Nxd5 6. Bd2 O-O 7. e4 Nxc3 8.
Bxc3 c5 9. Be2 cxd4 10. Nxd4 Qb6 11. Nb3 Bxc3+ 12. bxc3 e5 13. O-O Be6 14. Rb1
Qc7 15. Qd2 Rd8 16. Qe3 Nd7 17. Rfc1 b6 18. h4 Qd6 19. h5 Qe7 20. hxg6 hxg6 21.
Qg3 Rac8 22. Ba6 Rc7 23. Bb5 Bxb3 24. axb3 Nf6 25. Qf3 Kg7 26. b4 Rd2 27. Ba4
Rc8 28. Bb3 Rcd8 29. Rd1 Rxd1+ 30. Rxd1 Rxd1+ 31. Bxd1 a5 32. bxa5 bxa5 33. Qd3
Qb7 34. Bc2 Qc6 35. g3 Qc5 36. Bb3 Qc6 37. f3 0-1

[Event "4NCL Division 1 & 2"]
[Site "Milton Keynes, ENG"]
[Date "2021.11.28"]
[Round "2.63"]
[White "Cooper, John G"]
[Black "Moreby, James"]
[Result "1/2-1/2"]
[WhiteElo "2223"]
[BlackElo "2434"]
[PlyCount "79"]
[EventDate "2021.11.28"]
[WhiteTeam "West is Best 1"]
[BlackTeam "The Sharks 1"]

1. Nf3 d5 2. g3 c6 3. Bg2 Nf6 4. O-O g6 5. b3 Bg7 6. c4 dxc4 7. bxc4 Ne4 8. d4
c5 9. Bb2 cxd4 10. Nxd4 Nc5 11. Nc6 Qxd1 12. Rxd1 Nxc6 13. Bxg7 Rg8 14. Bb2 Na4
15. Rd2 Be6 16. Na3 Rc8 17. Rc1 f6 18. Nb5 Kf7 19. Ba3 a6 20. Nc3 Nxc3 21. Rxc3
Rgd8 22. Bd5 Ne5 23. Re3 Bxd5 24. Rxd5 e6 25. Rxd8 Rxd8 26. Rb3 Rd7 27. c5 Nc4
28. Bb4 Ne5 29. Bc3 Nc6 30. f4 f5 31. Kf2 Ke7 32. h3 Kd8 33. Bf6+ Ke8 34. g4
Rf7 35. g5 Rd7 36. h4 Kf7 37. h5 gxh5 38. Rh3 Kg6 39. Re3 Kf7 40. Rh3 1/2-1/2

[Event "4NCL Division 1 & 2"]
[Site "Milton Keynes, ENG"]
[Date "2021.11.28"]
[Round "2.64"]
[White "Makkar, Rajat"]
[Black "Macfarlane, Donald"]
[Result "1-0"]
[WhiteElo "2308"]
[BlackElo "2200"]
[PlyCount "45"]
[EventDate "2021.11.28"]
[WhiteTeam "The Sharks 1"]
[BlackTeam "West is Best 1"]

1. d4 Nf6 2. Nc3 d5 3. Bf4 e6 4. Nb5 Na6 5. e3 Bb4+ 6. c3 Be7 7. a4 c6 8. Na3
c5 9. Nb5 O-O 10. Be2 b6 11. Nf3 Bb7 12. h4 Ne8 13. h5 Nb8 14. g4 a6 15. Na3 f6
16. Bd3 Nc6 17. Qb1 e5 18. Bxh7+ Kh8 19. Nh4 exf4 20. Ng6+ Kxh7 21. h6 gxh6 22.
Nxf8+ Kg8 23. Ne6 1-0

[Event "4NCL Division 1 & 2"]
[Site "Milton Keynes, ENG"]
[Date "2021.11.28"]
[Round "2.65"]
[White "Zeidler, Sven P."]
[Black "Holland, James P"]
[Result "1/2-1/2"]
[WhiteElo "2179"]
[BlackElo "2380"]
[PlyCount "91"]
[EventDate "2021.11.28"]
[WhiteTeam "West is Best 1"]
[BlackTeam "The Sharks 1"]

1. e4 c5 2. Nc3 g6 3. f4 Bg7 4. Nf3 Nc6 5. Bb5 Nd4 6. O-O Nxb5 7. Nxb5 d5 8. e5
Bg4 9. d4 a6 10. Nc3 cxd4 11. Qxd4 Bxf3 12. Rxf3 e6 13. Qb4 Rb8 14. Qa4+ Qd7
15. Be3 Ne7 16. Qxd7+ Kxd7 17. Na4 Nc6 18. c4 f6 19. Nb6+ Ke8 20. cxd5 exd5 21.
Nxd5 fxe5 22. Re1 Rd8 23. Nc3 Kd7 24. Bb6 Rdf8 25. Rd3+ Kc8 26. Red1 exf4 27.
Rd7 Be5 28. Na4 Nb8 29. R7d5 Bc7 30. Bd4 Rhg8 31. Nb6+ Bxb6 32. Bxb6 Re8 33.
Kf2 Nc6 34. Rd7 Re7 35. Rxe7 Nxe7 36. Rd4 g5 37. h4 Nc6 38. Rd5 h6 39. hxg5
hxg5 40. Kf3 Rg6 41. Bc5 Nd8 42. Be7 Nf7 43. Rf5 Rg7 44. Bf8 Rh7 45. Be7 Rg7
46. Bf8 1/2-1/2

[Event "4NCL Division 1 & 2"]
[Site "Milton Keynes, ENG"]
[Date "2021.11.28"]
[Round "2.66"]
[White "Rendle, Thomas E"]
[Black "Kett, Tim"]
[Result "1-0"]
[WhiteElo "2365"]
[BlackElo "2136"]
[PlyCount "109"]
[EventDate "2021.11.28"]
[WhiteTeam "The Sharks 1"]
[BlackTeam "West is Best 1"]

1. f4 d5 2. Nf3 c5 3. g3 Nc6 4. Bg2 g6 5. O-O Bg7 6. d3 Nf6 7. Nc3 d4 8. Na4
Nd7 9. c4 O-O 10. a3 a5 11. Rb1 e6 12. Bd2 Qe7 13. Qc2 Ra6 14. e4 dxe3 15. Bxe3
b6 16. Nc3 Bb7 17. Nb5 Raa8 18. Rbe1 Rad8 19. g4 Nf6 20. h3 Nd4 21. Nbxd4 cxd4
22. Bf2 Qc7 23. Bh4 Nd5 24. Bxd8 Rxd8 25. Nh4 Ne3 26. Qf2 f5 27. Bxb7 Nxf1 28.
Qxf1 Qxb7 29. Rxe6 fxg4 30. hxg4 b5 31. c5 Qd5 32. Qe1 Qxc5 33. Qxa5 Rf8 34.
Qd2 Qc8 35. f5 gxf5 36. gxf5 Kh8 37. Qf4 Qxe6 38. fxe6 Rf7 39. Qf5 Rxf5 40. e7
Rf8 41. exf8=Q+ Bxf8 42. Nf5 Kg8 43. b4 Bg7 44. Nd6 Kf8 45. Nxb5 Ke7 46. Na7
Kd6 47. a4 Bh6 48. b5 Kc5 49. a5 Bf4 50. a6 Kb6 51. Nc8+ Kc7 52. Ne7 Bd6 53.
Nd5+ Kc8 54. b6 Kb8 55. a7+ 1-0

[Event "4NCL Division 1 & 2"]
[Site "Milton Keynes, ENG"]
[Date "2021.11.28"]
[Round "2.67"]
[White "Camp, Imogen A L"]
[Black "Dong, Bao Nghia"]
[Result "0-1"]
[WhiteElo "1951"]
[BlackElo "2328"]
[PlyCount "60"]
[EventDate "2021.11.28"]
[WhiteTeam "West is Best 1"]
[BlackTeam "The Sharks 1"]

1. d4 Nf6 2. c4 c5 3. d5 b5 4. cxb5 a6 5. bxa6 Bxa6 6. Nc3 d6 7. e4 Bxf1 8.
Kxf1 g6 9. b3 Bg7 10. Rb1 O-O 11. a4 Nfd7 12. Nb5 f5 13. Nf3 fxe4 14. Ng5 Na6
15. Ne6 Qc8 16. Nxf8 Qxf8 17. Bb2 Ne5 18. Qe2 Qf5 19. Bxe5 Bxe5 20. Re1 Rf8 21.
g3 Nb4 22. Qd2 Nd3 23. Re2 Bd4 24. Nxd4 cxd4 25. Qc2 Qh3+ 26. Kg1 Ne5 27. f4 d3
28. Qb2 dxe2 29. Qxe2 Rc8 30. Kf2 Ng4+ 0-1

[Event "4NCL Division 1 & 2"]
[Site "Milton Keynes, ENG"]
[Date "2021.11.28"]
[Round "2.71"]
[White "Price, Gwilym"]
[Black "Zakarian, David"]
[Result "1/2-1/2"]
[WhiteElo "2125"]
[BlackElo "2306"]
[PlyCount "43"]
[EventDate "2021.11.28"]
[WhiteTeam "Guildford Castles"]
[BlackTeam "Oxford 1"]

1. e4 c5 2. Nf3 Nc6 3. Nc3 e5 4. Bc4 Be7 5. d3 d6 6. Nd2 Nf6 7. Nf1 O-O 8. Ne3
Be6 9. O-O a6 10. a4 Rb8 11. Ned5 Nd7 12. f4 exf4 13. Bxf4 Nde5 14. Nxe7+ Qxe7
15. Nd5 Bxd5 16. Bxd5 Nb4 17. Bb3 b5 18. axb5 axb5 19. Bxe5 dxe5 20. c3 Nxd3
21. Bxf7+ Rxf7 22. Qxd3 1/2-1/2

[Event "4NCL Division 1 & 2"]
[Site "Milton Keynes, ENG"]
[Date "2021.11.28"]
[Round "2.72"]
[White "Gerlagh, Joris"]
[Black "Golding, James"]
[Result "1-0"]
[WhiteElo "2259"]
[BlackElo "2067"]
[PlyCount "103"]
[EventDate "2021.11.28"]
[WhiteTeam "Oxford 1"]
[BlackTeam "Guildford Castles"]

1. d4 d5 2. c4 e6 3. Nf3 Nf6 4. g3 Be7 5. Bg2 O-O 6. O-O dxc4 7. Qc2 a6 8. Qxc4
b5 9. Qc2 Bb7 10. Bd2 Nc6 11. e3 Nb4 12. Bxb4 Bxb4 13. Nbd2 Rc8 14. a3 Bxd2 15.
Qxd2 c5 16. dxc5 Qxd2 17. Nxd2 Bxg2 18. Kxg2 Rxc5 19. Rac1 Rfc8 20. Nb3 Rc2 21.
Rxc2 Rxc2 22. Rc1 Rxc1 23. Nxc1 Ne4 24. Nb3 Nd6 25. Nc5 a5 26. Kf3 Kf8 27. Ke2
Nc4 28. a4 bxa4 29. Nxa4 Ke7 30. b3 Nd6 31. Nc5 Kd8 32. Kd3 Kc7 33. Kd4 Kc6 34.
Nd3 Kb5 35. e4 Nb7 36. f3 Nd8 37. f4 Nc6+ 38. Kc3 f6 39. Nb2 e5 40. Nc4 exf4
41. gxf4 Kc5 42. Nxa5 Ne7 43. b4+ Kb5 44. Nb3 Ng6 45. Nd4+ Kb6 46. Ne6 Kb5 47.
f5 Ne5 48. Nxg7 Ng4 49. Nh5 h6 50. h3 Nf2 51. Nxf6 Nxh3 52. e5 1-0